书目信息 |
| 题名: |
同调代数引论
|
|
| 作者: | 佟文廷 编著 | |
| 分册: | ||
| 出版信息: | 北京 高等教育出版社 1998.5 |
|
| 页数: | 334页 | |
| 开本: | 21cm | |
| 丛书名: | ||
| 单 册: | ||
| 中图分类: | O154 | |
| 科图分类: | ||
| 主题词: | 代数 , 数论 , 组合数学 | |
| 电子资源: | ||
| ISBN: | 7-04-006239-9 | |
| 000 | 00606nam0 2200229 45 | |
| 001 | 0102261468 | |
| 005 | 20040518091549.6 | |
| 010 | @a7-04-006239-9@dCNY10.60 | |
| 100 | @a20010226d1998 km y0chiy0120 ea | |
| 101 | 0 | @achi |
| 105 | @a z 000yy | |
| 200 | 1 | @a同调代数引论@ATong Tiao Dai Shu Yin Lun@f佟文廷编著@FTong Wen Ting Bian Zhu |
| 210 | @a北京@c高等教育出版社@d1998.5 | |
| 215 | @a334页@d21cm | |
| 300 | @a高等学校教材 | |
| 606 | 0 | @a代数 |
| 606 | 0 | @a数论 |
| 606 | 0 | @a组合数学 |
| 690 | @aO154@v1 | |
| 701 | 0 | @a佟文廷@4编著 |
| 801 | @aCN@bTSTC@c20010226 | |
| 905 | @dO154@e50@f1@b281216 | |
| 同调代数引论/佟文廷编著.-北京:高等教育出版社,1998.5 |
| 334页;21cm |
| 高等学校教材 |
| ISBN 7-04-006239-9:CNY10.60 |
| ● |
| 相关链接 |
|
|
|
|
正题名:同调代数引论
索取号:O154/50
 
预约/预借
| 序号 | 登录号 | 条形码 | 馆藏地/架位号 | 状态 | 备注 |
| 1 | 0281216 | 002812166 | 第三借阅区/ [索取号:O154/50] | 在馆 | |
| 2 | 0281217 | 002812175 | 第三借阅区/ [索取号:O154/50] | 在馆 | |
| 3 | 0281218 | 002812184 | 第三借阅区/ [索取号:O154/50] | 在馆 | |
| 4 | 0281219 | 002812193 | 第三借阅区/ [索取号:O154/50] | 在馆 | |
| 5 | 0281220 | 002812200 | 第三借阅区/ [索取号:O154/50] | 在馆 | |
| 6 | 0281221 | 002812219 | 第三借阅区/ [索取号:O154/50] | 在馆 | |
| 7 | 0281222 | 002812228 | 第三借阅区/ [索取号:O154/50] | 在馆 | |
| 8 | 0281223 | 002812237 | 第三借阅区/ [索取号:O154/50] | 在馆 | |
| 9 | 0281224 | 002812246 | 第三借阅区/ [索取号:O154/50] | 在馆 | |
| 10 | 0281225 | 002812255 | 第二样本阅览室/ [索取号:O154/50] | 在馆 | |
| 11 | 0294874 | 002948742 | 第三借阅区/ [索取号:O154/50] | 在馆 | |
| 12 | 0294875 | 002948751 | 第三借阅区/ [索取号:O154/50] | 在馆 | |
| 13 | 0294876 | 002948760 | 第三借阅区/ [索取号:O154/50] | 在馆 |